00463nam a2200181 a 4500001001300000003000900013005001700022008004100039020001200080082001700092100002000109245004600129260003200175300000900207500003500216505001000251700002000261nice12345678IN_TiNIC20260116013529.0050524s1991 enga grp 000 0 eng  ac359.800a303.61bBON1 aBono, Edward De aConflictsb a Better Way to Resolve Them. aEnglandbPenguin Bookc1991 a207p aincludes index and biblioraphy2 aIndex1 aBono, Edward De